00756nam a2200217Ii 45000010005000000030009000050080041000140400033000550410008000880820014000961100039001102450052001492640043002013000012002443360026002563370028002823380027003109400050003379990017003879520134004048612CO-ViMGA241108s9999||||xx |||||||||||||| ||und|| aCO-ViMGAbspaerdacCO-ViMGA0 aspa04a636.3 I591 aInstituto Colombiano Agropecuario,10aPrincipales razas ovinas y caprinas en Colombia 1aBogotá, Colombia : Produmedios, 1992 avolumen atextbtxt2rdacontent aunmediatedbn2rdamedia avolumebnc2rdacarrier aidficha_siabuc: 8416. -- ficha_no_siabuc:8612 c48046d48046 001040708001aMEVIGERRbMEVIGERRcGENd2006-11-27o636.3 I59pECA8930r2024-11-26 09:49:54tEj.1w2024-11-26yBKz8416 | 11795